| 000 | 00310nam a22001097a 4500 | ||
|---|---|---|---|
| 008 | 230626b xxu||||| |||| 00| 0 eng d | ||
| 082 |
_a337.1 _bSAA 1991 |
||
| 245 |
_aJoining the Future _bEconomic Integration and Co-operation in Africa |
||
| 260 |
_aKenya _bACTS Press _c1991 |
||
| 300 | _aXI,168p | ||
| 942 |
_2ddc _cBK |
||
| 999 |
_c2778 _d2778 |
||